COMPUTER FUNDAMENTALS / (Record no. 78024)

MARC details
000 -LEADER
fixed length control field 00497nam a2200193Ia 4500
008 - FIXED-LENGTH DATA ELEMENTS--GENERAL INFORMATION
fixed length control field 220922s9999||||xx |||||||||||||| ||und||
020 ## - INTERNATIONAL STANDARD BOOK NUMBER
International Standard Book Number 9790000000000
040 ## - CATALOGING SOURCE
Transcribing agency SFLIB
041 ## - LANGUAGE CODE
Language code of text/sound track or separate title English
082 ## - DEWEY DECIMAL CLASSIFICATION NUMBER
Classification number COM-APLS
Item number 16
100 ## - MAIN ENTRY--PERSONAL NAME
Personal name PRITI SINHA
100 ## - MAIN ENTRY--PERSONAL NAME
Personal name PRATHEEP K SINHA
245 #0 - TITLE STATEMENT
Title COMPUTER FUNDAMENTALS /
Statement of responsibility, etc. by PRATHEEP K SINHA & PRITI SINHA
250 ## - EDITION STATEMENT
Edition statement 6th ed.
260 ## - PUBLICATION, DISTRIBUTION, ETC.
Place of publication, distribution, etc. NEW DELHI :
Name of publisher, distributor, etc. BPB Publications,
Date of publication, distribution, etc. 2011
300 ## - PHYSICAL DESCRIPTION
Extent 490 p.
650 ## - SUBJECT ADDED ENTRY--TOPICAL TERM
Topical term or geographic name entry element fundamentals
942 ## - ADDED ENTRY ELEMENTS (KOHA)
Koha item type SF Library Books
Holdings
Withdrawn status Lost status Damaged status Collection code Not for loan Home library Current library Shelving location Date acquired Cost, normal purchase price Total Checkouts Full call number Barcode Date last seen Price effective from Koha item type
      Computer Applications   Z - SF LIBRARY@STCP Z - SF LIBRARY@STCP Shelf 1 - Rack 3 2022-09-24 330.00   COM-APLS 16 SF1015 2022-09-24 2022-09-24 SF Library Books
      Computer Applications   Z - SF LIBRARY@STCP Z - SF LIBRARY@STCP Shelf 1 - Rack 3 2022-09-24 330.00   COM-APLS 15 SF1014 2022-09-24 2022-09-24 SF Library Books
Rights reserved ©2021 ST. THOMAS COLLEGE LIBRARY
A joint venture of - St. Thomas College Library and
Department of Computer Science, St. Thomas Collge Palai